[Event "Morbihan-ch 1213"]
[Site "France"]
[Date "2013.04.13"]
[Round "7"]
[White "Kerriou, Jean Rene"]
[Black "Cheneau, Alain"]
[Result "1-0"]
[WhiteElo "1499"]
[BlackElo "1040"]
[PlyCount "81"]
[EventDate "2012.10.27"]
[EventType "swiss"]
[EventRounds "7"]
[EventCountry "FRA"]
[SourceTitle "EXT 2014"]
[Source "ChessBase"]
[SourceDate "2013.11.20"]
[SourceVersion "1"]
[SourceVersionDate "2013.11.20"]
[SourceQuality "1"]

1. c4 c5 2. Nc3 e5 3. g3 Nf6 4. Bg2 d6 5. d3 Nc6 6. Bg5 Be7 7. Nd5 Qa5+ 8. Bd2 Qd8 9. Nxe7 Qxe7 10. b4 Bd7 11. b5 Nd4 12. Bxb7 Rb8 13. Bg2 Qd8 14. Bg5 Ne6 15. Bxf6 Qxf6 16. Qa4 0-0 17. Qxa7 Nd4 18. Qa4 Qd8 19. e3 Ne6 20. Ne2 Ng5 21. h4 Nh3 22. Bxh3 Ra8 23. Qb3 Qa5+ 24. Qc3 Bc8 25. Qxa5 Rxa5 26. Bxc8 Rxc8 27. Kd2 Raa8 28. Nc3 Ra7 29. a4 f6 30. a5 Rca8 31. a6 Rd7 32. Nd5 Kf7 33. Nb6 Rad8 34. Nxd7 Rxd7 35. a7 Rd8 36. a8Q Rxa8 37. Rxa8 Kg6 38. b6 Kf5 39. b7 g6 40. b8Q h6 41. Qc8# 1-0

[Event "Morbihan-ch 1112"]
[Site "Morbihan"]
[Date "2011.12.03"]
[Round "3.22"]
[White "Cheneau, Alain"]
[Black "Cozic, Matthias"]
[Result "0-1"]
[WhiteElo "1040"]
[BlackElo "1490"]
[PlyCount "126"]
[EventDate "2011.10.08"]
[EventType "swiss"]
[EventRounds "7"]
[EventCountry "FRA"]
[SourceTitle "EXT 2014"]
[Source "ChessBase"]
[SourceDate "2013.11.20"]
[SourceVersion "1"]
[SourceVersionDate "2013.11.20"]
[SourceQuality "1"]

1. e4 e5 2. Nf3 Nc6 3. Bc4 Bc5 4. 0-0 Nf6 5. Nc3 d6 6. d3 h6 7. h3 Be6 8. Bxe6 fxe6 9. Na4 Bb6 10. Nxb6 axb6 11. Bd2 d5 12. exd5 exd5 13. Bc3 d4 14. Bd2 0-0 15. c3 Re8 16. Re1 Qd5 17. Qb3 Qxb3 18. axb3 Rxa1 19. Rxa1 dxc3 20. Bxc3 Nd5 21. Bd2 Nd4 22. Nxd4 exd4 23. b4 c5 24. b5 Nc7 25. Ra3 Nxb5 26. Rb3 Na7 27. Rxb6 Re7 28. Rb3 b5 29. Ra3 c4 30. Ra1 cxd3 31. Bb4 Re2 32. Rxa7 Rxb2 33. Ra1 Rxb4 34. Kf1 Rb2 35. Ke1 b4 36. Kd1 b3 37. Kc1 Rc2+ 38. Kd1 Rxf2 39. Ke1 Rxg2 40. Kf1 Rc2 41. Ke1 Ra2 42. Rb1 b2 43. Kd2 Ra3 44. Rxb2 Rc3 45. Kd1 Kf7 46. Rb4 Ke6 47. Rxd4 Ke5 48. Ra4 d2 49. Kxd2 Rxh3 50. Ra5+ Kf4 51. Ra4+ Kf3 52. Ra3+ Kg2 53. Ra4 h5 54. Ra5 h4 55. Rg5+ Rg3 56. Re5 g5 57. Re2+ Kh3 58. Rf2 Rg2 59. Ke2 Kg3 60. Kf1 Rxf2+ 61. Kg1 Ra2 62. Kf1 h3 63. Kg1 Ra1# 0-1

[Event "Morbihan-ch 1011"]
[Site "Morbihan"]
[Date "2011.03.26"]
[Round "6.22"]
[White "Cheneau, Alain"]
[Black "Raoul, Joel"]
[Result "0-1"]
[WhiteElo "1030"]
[BlackElo "1499"]
[PlyCount "82"]
[EventDate "2010.10.09"]
[EventType "swiss"]
[EventRounds "7"]
[EventCountry "FRA"]
[SourceTitle "EXT 2014"]
[Source "ChessBase"]
[SourceDate "2013.11.20"]
[SourceVersion "1"]
[SourceVersionDate "2013.11.20"]
[SourceQuality "1"]

1. e4 e5 2. Nf3 Nc6 3. d3 d5 4. Bg5 f6 5. Be3 d4 6. Bd2 h5 7. c3 Bc5 8. b4 Bd6 9. b5 Be7 10. bxc6 bxc6 11. cxd4 exd4 12. Qa4 Bd7 13. Nxd4 c5 14. Nc6 Bxc6 15. Qxc6+ Kf8 16. Qa4 Nh6 17. Nc3 Qd6 18. Nb5 Qb6 19. Bf4 c6 20. Be2 g6 21. e5 cxb5 22. Qe4 Kg7 23. 0-0 a5 24. exf6+ Bxf6 25. Rac1 Rae8 26. Qd5 Rxe2 27. Qd6 Qa7 28. Qxc5 Qf7 29. a3 g5 30. Bc7 Ng4 31. h3 Ne5 32. Qxb5 Nd7 33. Bxa5 Bd4 34. Qxg5+ Kh7 35. Bc3 Rg8 36. Qa5 Bxf2+ 37. Kh2 Bg3+ 38. Kh1 Qg6 39. Qd5 Bh4 40. Qxd7+ Kh6 41. Bd4 Qxg2# 0-1

[Event "Morbihan-ch 1011"]
[Site "Morbihan"]
[Date "2010.12.04"]
[Round "3.17"]
[White "Cheneau, Alain"]
[Black "Rivalin, Patrick"]
[Result "0-1"]
[WhiteElo "1030"]
[BlackElo "1560"]
[PlyCount "60"]
[EventDate "2010.10.09"]
[EventType "swiss"]
[EventRounds "7"]
[EventCountry "FRA"]
[SourceTitle "EXT 2014"]
[Source "ChessBase"]
[SourceDate "2013.11.20"]
[SourceVersion "1"]
[SourceVersionDate "2013.11.20"]
[SourceQuality "1"]

1. e4 e6 2. d4 d5 3. f3 c5 4. Ne2 dxe4 5. fxe4 cxd4 6. Nxd4 Qh4+ 7. g3 Qxe4+ 8. Ne2 Qxh1 9. h3 Nf6 10. Qd3 Be7 11. Bd2 0-0 12. Na3 Rd8 13. Qe3 Qe4 14. 0-0-0 Qxe3 15. Bxe3 Rxd1+ 16. Kxd1 Bxa3 17. bxa3 Bd7 18. Nd4 Nc6 19. Nb5 a6 20. Nc3 Rc8 21. Na4 Nd5 22. Bg5 Ne5 23. Be2 Bxa4 24. Ke1 Rxc2 25. Kf2 Bb5 26. Bd2 Rxd2 27. Ke1 Rxe2+ 28. Kd1 Ne3+ 29. Kc1 Nd3+ 30. Kb1 Re1# 0-1

[Event "Morbihan-ch 0910"]
[Site "Morbihan"]
[Date "2010.04.24"]
[Round "7.23"]
[White "Cheneau, Alain"]
[Black "Trifault, Youn"]
[Result "0-1"]
[WhiteElo "1040"]
[BlackElo "1160"]
[PlyCount "74"]
[EventDate "2009.10.10"]
[EventType "swiss"]
[EventRounds "7"]
[EventCountry "FRA"]
[SourceTitle "EXT 2014"]
[Source "ChessBase"]
[SourceDate "2013.11.20"]
[SourceVersion "1"]
[SourceVersionDate "2013.11.20"]
[SourceQuality "1"]

1. e4 d6 2. Nc3 Nf6 3. d3 Nc6 4. Nf3 Bg4 5. Be2 e5 6. Bg5 Be7 7. h3 Bxf3 8. Bxf3 Nd4 9. Be2 0-0 10. h4 h6 11. Bd2 d5 12. Bf4 Nxe4 13. Bxe5 Nf6 14. Bf4 Ne4 15. Bd2 Nf6 16. Nb5 c6 17. Nxd4 Bc5 18. Nb3 Bb6 19. Be3 d4 20. Bd2 Re8 21. Bb4 a5 22. Ba3 a4 23. Nc5 Ba5+ 24. c3 dxc3 25. Nxb7 c2+ 26. Kf1 cxd1Q+ 27. Rxd1 Qc7 28. Nxa5 Rxa5 29. Bb4 Rf5 30. Ke1 Qb6 31. a3 Qxf2+ 32. Kd2 Qxe2+ 33. Kc1 c5 34. Rd2 Rf1+ 35. Rxf1 Qxf1+ 36. Kc2 cxb4 37. axb4 Rc8# 0-1

[Event "Morbihan-ch 0910"]
[Site "Morbihan"]
[Date "2010.03.27"]
[Round "6.23"]
[White "Cozic, Matthias"]
[Black "Cheneau, Alain"]
[Result "1-0"]
[WhiteElo "1260"]
[BlackElo "1040"]
[PlyCount "93"]
[EventDate "2009.10.10"]
[EventType "swiss"]
[EventRounds "7"]
[EventCountry "FRA"]
[SourceTitle "EXT 2014"]
[Source "ChessBase"]
[SourceDate "2013.11.20"]
[SourceVersion "1"]
[SourceVersionDate "2013.11.20"]
[SourceQuality "1"]

1. e4 e5 2. Nf3 Nc6 3. Bb5 Bc5 4. Bxc6 dxc6 5. Nc3 Nf6 6. Nxe5 Bd6 7. Nf3 0-0 8. h3 Re8 9. d4 Nxe4 10. 0-0 b6 11. Nxe4 Rxe4 12. Re1 Re8 13. Bg5 f6 14. Bh4 Qd7 15. Qd3 b5 16. c4 Ba6 17. c5 Bf8 18. a4 Bxc5 19. Rxe8+ Qxe8 20. dxc5 Rd8 21. Qf1 Qe7 22. Qe1 Re8 23. Qxe7 Rxe7 24. Re1 Kf7 25. Rxe7+ Kxe7 26. axb5 Bxb5 27. b4 a6 28. Nd4 Ba4 29. Nf5+ Kf7 30. Bg3 Bc2 31. Nd4 Ba4 32. Bxc7 h6 33. Kf1 h5 34. Ke2 g6 35. Ke3 Bd1 36. Nxc6 Ba4 37. Nb8 Bb5 38. Kd4 Ke6 39. Ba5 Bf1 40. c6 Kd6 41. c7 Bxg2 42. c8Q Bxh3 43. Qxh3 f5 44. Qc3 Ke7 45. Qc6 h4 46. Qd7+ Kf6 47. Bd8# 1-0